Výpočet limitov náplní chladív podľa horľavosti a jedovatosti

Saved in:
Bibliographic Details
Main Author: Jančík, Viktor (Author)
Other Authors: Tomlein, Peter (Thesis advisor)
Format: Manuscript Book
Language:Slovak
Published: 2018
Subjects:
Online Access:http://is.stuba.sk/zp/portal_zp.pl?podrobnosti=144006
Tags: Add Tag
No Tags, Be the first to tag this record!

MARC

LEADER 00000ntm a22000003a 4500
001 stuzp69318
003 SK-STU
005 20180820161218.5
007 ta
008 150427s2015----xo-----f-mn---000-0-slo-d
040 |a STU  |b slo 
041 0 |a slo 
100 1 |a Jančík, Viktor  |u 020060  |4 aut  |U SjF Strojnícka fakulta  |T SjF Ústav energetických strojov a zariadení  |X 81413  |U J0060  |Y 805  |7 81413 
242 0 1 |a Calculation of refrigerants charge limits according to flammability and toxicity  |y eng 
245 1 0 |a Výpočet limitov náplní chladív podľa horľavosti a jedovatosti 
260 |c 2018 
650 4 |a QLMV  |2 slo 
650 4 |a QLAV  |2 slo 
650 4 |a LFL  |2 slo 
650 4 |a LFL  |2 eng 
650 4 |a QLMV  |2 eng 
650 4 |a QLAV  |2 eng 
700 1 |a Tomlein, Peter  |4 ths  |X 2211  |7 A000002211 
856 4 |u http://is.stuba.sk/zp/portal_zp.pl?podrobnosti=144006 
996 |b 284J045613  |c J* 2963/DBP  |l JJSK  |s A  |a 24  |w stuzp69318_0001